000 00774nam a2200253 i 4500
001 bgj
100 1 _aBRYSON, Bill.
245 1 0 _aNotes from a small Island /
_cBill Bryson.
250 _a[Black Swan ed.
_arepr.].
260 _aLondon :
_bTransworld Publishers,
_c1997.
300 _a352 pp ;
_c20 cm.
600 1 9 _aBryson, Bill
_xJourneys
_zEngland
651 9 _aGreat Britain
_xDescription and travel
_y1973-1995
651 9 _aGreat Britain
_xSocial life and culture
651 9 _aEngland
_xCivilization
_y20th century
651 9 _aEngland
_xDescription and travel
655 _aPersonal narratives
020 _a0552996009 (pbk)
040 _cBPK
041 0 _aeng
920 _a0-552-99600-9 (pbk)
942 _cKS
008 s uk f |000 0 eng
999 _c50872
_d50872
856 _uhttp://koha.tu.koszalin.pl/cgi-bin/koha/opac-detail.pl?biblionumber=50872
_yKatalog online BPK